000 00816nam a2200217Ii 4500
003 JO-AjNU
008 230605s9999||||xx |||||||||||||| ||und||
017 _a2005/9/2131
040 _aJO-AjNU
_bara
_erda
_cJO-AjNU
041 _aara
050 1 4 _aBP136.4.N3498 2005
100 3 _aالنجار، زغلول راغب محمد,
_eauthor
_917318
245 0 0 _aقضية الإعجاز العلمي في القران الكريم بين المؤيد والمعارض
250 _aط1
264 3 1 _aعمان: جمعية المحافظة على القران الكريم، 2005
300 _a115ص
336 _atext
_btxt
_2rdacontent
337 _aunmediated
_bn
_2rdamedia
338 _avolume
_bnc
_2rdacarrier
650 4 _aاعجاز القران - القران - اللغة العربية - البلاغة
_917319
999 _aA5324
_c8892
_d8892